000 00438nam a2200169Ia 4500
001 63677
008 150109s9999 xx 000 0 und d
020 _a9780335242528
040 _cPK-LaUMT
082 _a 616.85220652
_bKER-S
100 _aKerkhof, Ad
245 _aStop worrying
_bget your life back on track with CBT
_cKerkhof, Ad
260 _aNew York,USA:
_bMcGraw-Hill,
_c2010
300 _a186 p.
546 _aEN
942 _cBK
999 _c64331
_d64331